000 00437nam a2200181Ia 4500
001 1026
005 20260306140601.0
008 260306t1998||||xx |||||||||||||| ||spa||
041 _aESP
082 _a180
_bCH533
100 _aChávez Calderón, Pedro
_eAUT
245 0 _aHistoria de las doctrinas filosóficas
260 _c1998
300 _a320 páginas :
_c23 cm.
650 _aGEN
654 _aCHU
942 _cLIB
_dJUS
_fJUS
_2ddc
_n
999 _c1026
_d1026